000
00296nam a2200109Ia 4500
008
221009s9999 xx 000 0 und d
082
_a
400
100
_a
Guider
_9
79384
245
0
_a
SSC एस. एस. सी. Sentence Improvement Anglo-Hindi
260
_b
Guider Compatitive Group
942
_c
BK
999
_c
65260
_d
65260